000 00833cam a2200265Ia 4500
001 21802
003 BD-RjUL
005 20211209000730.0
008 140305s1994 ii b 001 0 eng d
020 _a8170246113
035 _aBD-RjUL)21867
040 _aDRU
_cDRU
_dOCLCQ
_dBAKER
_dBD-RjUL
_beng
041 _aeng
082 0 4 _221
_a341.247
_bNAS 1994
092 _bN217s
100 1 _aNaqash, Nasir A.
_967310
245 1 0 _aSAARC :
_bchallenges and opportunities /
_cNasir A. Naqash.
260 _aNew Delhi :
_bAshish Pub. House,
_c1994.
300 _aix, 175 p. ;
_c23 cm.
504 _aIncludes bibliographical references.
610 2 0 _aSouth Asian Association for Regional Cooperation.
_967324
650 0 _aSouth Asian cooperation.
_967312
650 0 _aRegionalism (International organization)
_96404
942 _2ddc
_cBK
999 _c21802
_d21802